[Event "ESP-chT CECLUB Div2"]
[Site "Linares"]
[Date "2019.08.19"]
[Round "1.8"]
[White "Castilla Leon Salas, Carlos"]
[Black "Fernandez Estremera, Fernando"]
[Result "1-0"]
[WhiteElo "2252"]
[BlackElo "1944"]
[PlyCount "53"]
[EventDate "2019.08.19"]
[EventType "team-swiss"]
[EventRounds "7"]
[EventCountry "ESP"]
[SourceTitle "EXT 2020"]
[Source "ChessBase"]
[SourceDate "2019.10.17"]
[SourceVersion "1"]
[SourceVersionDate "2019.10.17"]
[SourceQuality "1"]
[WhiteTeam "Reina Brillante"]
[BlackTeam "Jaque Mate"]
[WhiteTeamCountry "ESP"]
[BlackTeamCountry "ESP"]

1. d4 d5 2. c4 dxc4 3. Nf3 Nf6 4. Nc3 Bg4 5. Ne5 Bh5 6. f3 e6 7. g4 Bg6 8. h4 Be7 9. e4 h6 10. Nxg6 fxg6 11. Be3 Qd7 12. Bxc4 Nc6 13. Qd2 a6 14. a3 Rd8 15. 0-0-0 Na5 16. Ba2 Nh7 17. Ne2 Qa4 18. Qc2 Qb5 19. Bxe6 Rd6 20. Nc3 Qc6 21. Bd5 Qd7 22. Ba2 b5 23. e5 Rb6 24. d5 Rb8 25. e6 Qd6 26. Ne4 Qe5 27. f4 1-0

[Event "ESP-ch rapid"]
[Site "Linares"]
[Date "2017.08.13"]
[Round "2"]
[White "Narciso Dublan, Marc"]
[Black "Castilla Leon Salas, Carlos"]
[Result "1/2-1/2"]
[WhiteElo "2467"]
[BlackElo "2152"]
[PlyCount "172"]
[EventDate "2017.08.13"]
[EventType "swiss (rapid)"]
[EventRounds "9"]
[EventCountry "ESP"]
[SourceTitle "CBM 179 Extra"]
[Source "ChessBase"]
[SourceDate "2017.08.23"]
[SourceVersion "1"]
[SourceVersionDate "2017.08.23"]
[SourceQuality "1"]

1. d4 Nf6 2. c4 g6 3. f3 Bg7 4. e4 0-0 5. Nc3 d6 6. Bg5 Nc6 7. Nge2 a6 8. Qd2 Rb8 9. Rc1 Bd7 10. b3 b5 11. cxb5 axb5 12. d5 Na7 13. Nd4 e5 14. Nc2 Qe7 15. Nb4 h6 16. Be3 Rb7 17. Be2 Kh7 18. 0-0 Rfb8 19. Nd1 Ra8 20. Nf2 Nh5 21. Bd3 Qe8 22. Rc2 c5 23. dxc6 Nxc6 24. Nxc6 Bxc6 25. Rfc1 Bd7 26. Bf1 Qe7 27. Rc7 Rab8 28. Ba7 Rxc7 29. Rxc7 Rc8 30. Bb6 Rxc7 31. Bxc7 Bf8 32. Nd3 Bc6 33. Bb6 Qb7 34. Be3 g5 35. Nb4 Nf4 36. Nxc6 Qxc6 37. Qc1 Qxc1 38. Bxc1 b4 39. Bc4 d5 40. exd5 Bd6 41. Kf1 Kg7 42. g3 Ng6 43. Ba6 Ne7 44. Bb7 Nf5 45. Bb2 h5 46. f4 f6 47. fxg5 fxg5 48. Ke2 Kf7 49. Kd3 h4 50. gxh4 gxh4 51. Bc8 Kf6 52. h3 Kg5 53. Bc1+ Kf6 54. Ke4 Ng3+ 55. Kf3 e4+ 56. Kg4 Ne2 57. Bg5+ Ke5 58. Be6 Bc5 59. Bxh4 Nc3 60. Bg3+ Kf6 61. h4 Nxa2 62. h5 Bd4 63. Bh4+ Ke5 64. Bg3+ Kf6 65. Bc8 e3 66. d6 e2 67. d7 Bb6 68. Kf3 Nc3 69. Ba6 Kg5 70. Bxe2 Kxh5 71. Bb5 Nxb5 72. Ke4 Bd8 73. Kd5 Kg4 74. Be1 Kf5 75. Bxb4 Nc7+ 76. Kd6 Nb5+ 77. Kc6 Nd4+ 78. Kb7 Ke6 79. Kc8 Nc6 80. Bc3 Kd6 81. Bb4+ Nxb4 82. Kxd8 Nd5 83. Kc8 Nb6+ 84. Kb7 Nxd7 85. b4 Ne5 86. b5 Nc4 1/2-1/2

[Event "ESP-ch 79th"]
[Site "Linares"]
[Date "2014.09.02"]
[Round "9"]
[White "Larino Nieto, David"]
[Black "Castilla Leon Salas, Carlos"]
[Result "1-0"]
[WhiteElo "2432"]
[BlackElo "2190"]
[PlyCount "65"]
[EventDate "2014.08.25"]
[EventType "swiss"]
[EventRounds "9"]
[EventCountry "ESP"]
[SourceTitle "CBM 162 Extra"]
[Source "ChessBase"]
[SourceDate "2014.10.17"]
[SourceVersion "1"]
[SourceVersionDate "2014.10.17"]
[SourceQuality "1"]

1. e4 c5 2. Nc3 g6 3. d3 Bg7 4. f4 Nc6 5. Be3 d6 6. g4 e6 7. h4 b5 8. a3 Rb8 9. Bg2 Nge7 10. h5 b4 11. axb4 Rxb4 12. h6 Bd4 13. Qc1 d5 14. Bd2 0-0 15. Nb5 Rxb5 16. Nf3 Bh8 17. e5 f6 18. c4 Rb8 19. cxd5 Nxd5 20. Qxc5 Ncb4 21. 0-0 Nxd3 22. Qd4 N5xf4 23. Bxf4 Qxd4+ 24. Nxd4 fxe5 25. Bg3 Nf4 26. Nc6 Rb7 27. Rae1 Nxg2 28. Kxg2 Rxf1 29. Rxf1 Rc7 30. Nxe5 Bb7+ 31. Kh3 g5 32. Ng6 Rc8 33. Ne7# 1-0

[Event "ESP-ch 79th"]
[Site "Linares"]
[Date "2014.08.26"]
[Round "2"]
[White "Castilla Leon Salas, Carlos"]
[Black "Vega Gutierrez, Sabrina Neide"]
[Result "0-1"]
[WhiteElo "2190"]
[BlackElo "2395"]
[PlyCount "54"]
[EventDate "2014.08.25"]
[EventType "swiss"]
[EventRounds "9"]
[EventCountry "ESP"]
[SourceTitle "CBM 162 Extra"]
[Source "ChessBase"]
[SourceDate "2014.10.17"]
[SourceVersion "1"]
[SourceVersionDate "2014.10.17"]
[SourceQuality "1"]

1. d4 d5 2. c4 e6 3. Nc3 c6 4. Nf3 dxc4 5. e4 b5 6. a4 Bb4 7. Bd2 a5 8. axb5 Bxc3 9. bxc3 cxb5 10. Qb1 Bd7 11. Ne5 Nf6 12. Bc1 0-0 13. Be2 Nc6 14. Nxd7 Qxd7 15. Qxb5 Nxe4 16. Qxc4 Rfc8 17. Bb2 Rab8 18. Qa2 Nxd4 19. cxd4 Rc2 20. Rb1 Qb7 21. Qxa5 Rxb2 22. Rd1 Ra8 23. Qe5 Rxe2+ 24. Kxe2 Qb2+ 25. Kf3 Ra3+ 26. Kg4 Qe2+ 27. f3 Qxg2+ 0-1

[Event "Almansa op-A"]
[Site "Almansa"]
[Date "2013.08.11"]
[Round "9.6"]
[White "Castilla Leon Salas, Carlos"]
[Black "Gavilan Diaz, Mario"]
[Result "0-1"]
[WhiteElo "2132"]
[BlackElo "2225"]
[PlyCount "123"]
[EventDate "2013.08.06"]
[EventType "swiss"]
[EventRounds "9"]
[EventCountry "ESP"]
[SourceTitle "EXT 2024"]
[Source "ChessBase"]
[SourceDate "2023.10.10"]
[SourceVersion "1"]
[SourceVersionDate "2023.10.10"]
[SourceQuality "1"]

1. d4 Nf6 2. c4 c5 3. d5 e6 4. Nc3 exd5 5. cxd5 d6 6. e4 g6 7. f4 Bg7 8. Bb5+ Nbd7 9. e5 dxe5 10. fxe5 Nh5 11. e6 Qh4+ 12. g3 Nxg3 13. hxg3 Qxh1 14. Be3 Bxc3+ 15. bxc3 a6 16. exd7+ Bxd7 17. Bxd7+ Kxd7 18. Qb3 b5 19. 0-0-0 Rhe8 20. Bxc5 Qg2 21. d6 Re6 22. Nh3 Qxh3 23. Qd5 Rb8 24. Ba7 Qh6+ 25. Kc2 Qf8 26. Rf1 f6 27. Rh1 h5 28. Rd1 Qg8 29. Bxb8 Qxb8 30. Kb3 a5 31. Rd2 a4+ 32. Kc2 Rxd6 33. Qf7+ Kc6 34. Rxd6+ Qxd6 35. Qe8+ Kb6 36. Qxg6 Qe6 37. Kb2 Qe2+ 38. Kc1 Qf3 39. Kc2 Qe2+ 40. Kc1 Qe5 41. Kc2 Kc5 42. Qg8 Qd5 43. Qf8+ Qd6 44. Qc8+ Kb6 45. Qg8 Qc7 46. Qe6+ Qc6 47. Qe3+ Ka6 48. Qf4 Qe6 49. Kb2 Qe2+ 50. Kc1 Qe5 51. Qf3 Kb6 52. Kc2 Kc5 53. Qd3 Qd5 54. Qe3+ Kd6 55. Kb2 a3+ 56. Kc2 Qxa2+ 57. Kd1 Qb3+ 58. Kd2 Qd5+ 59. Kc2 Qg2+ 60. Kd3 a2 61. Qb6+ Qc6 62. Qb8+ 0-1

[Event "San Pedro del Pinatar 4th"]
[Site "San Pedro del Pinatar"]
[Date "2013.01.12"]
[Round "5.5"]
[White "Castilla Leon Salas, Carlos"]
[Black "Martinez Vicente, Gregorio"]
[Result "1-0"]
[WhiteElo "2127"]
[BlackElo "1997"]
[PlyCount "112"]
[EventDate "2013.01.11"]
[EventType "swiss"]
[EventRounds "7"]
[EventCountry "ESP"]
[SourceTitle "EXT 2024"]
[Source "ChessBase"]
[SourceDate "2023.10.10"]
[SourceVersion "1"]
[SourceVersionDate "2023.10.10"]
[SourceQuality "1"]

1. d4 g6 2. c4 Bg7 3. Nc3 d6 4. e4 Nc6 5. Be3 e5 6. d5 Nce7 7. g4 f5 8. gxf5 gxf5 9. Qh5+ Kf8 10. Bh3 Nf6 11. Qf3 f4 12. Bd2 c6 13. 0-0-0 cxd5 14. cxd5 b5 15. Kb1 b4 16. Nce2 a5 17. Rc1 Bd7 18. Bxd7 Qxd7 19. h4 Qg4 20. Qxg4 Nxg4 21. Nh3 h6 22. Rc7 Nf6 23. f3 Ne8 24. Rd7 Bf6 25. h5 Rg8 26. Rh2 Ra6 27. Kc2 Kf7 28. Nf2 Bg5 29. Kb3 Nf6 30. Rc7 Rc8 31. Rxc8 Nxc8 32. Rh1 Ke7 33. Nd3 Kd7 34. Be1 Kc7 35. Bf2 Nb6 36. Ng1 Nbd7 37. Ka4 Ra8 38. Nh3 Nh7 39. Rc1+ Kb7 40. Rc6 Ra6 41. Kb5 Nb8 42. Rb6+ Rxb6+ 43. Bxb6 Be7 44. Bxa5 Nf6 45. Bxb4 Nxh5 46. Nxe5 Na6 47. Ng6 Nxb4 48. Kxb4 Bf6 49. b3 Bg5 50. Kb5 Nf6 51. Ngxf4 Bxf4 52. Nxf4 h5 53. Ng6 Kc7 54. a4 Nd7 55. a5 Ne5 56. Nxe5 dxe5 1-0

[Event "San Pedro del Pinatar 4th"]
[Site "San Pedro del Pinatar"]
[Date "2013.01.12"]
[Round "4.4"]
[White "Hostalet Ferrer, Pedro Enrique"]
[Black "Castilla Leon Salas, Carlos"]
[Result "1/2-1/2"]
[WhiteElo "2032"]
[BlackElo "2127"]
[PlyCount "90"]
[EventDate "2013.01.11"]
[EventType "swiss"]
[EventRounds "7"]
[EventCountry "ESP"]
[SourceTitle "EXT 2024"]
[Source "ChessBase"]
[SourceDate "2023.10.10"]
[SourceVersion "1"]
[SourceVersionDate "2023.10.10"]
[SourceQuality "1"]

1. d4 Nf6 2. c4 c5 3. e3 g6 4. Nc3 Bg7 5. Nf3 0-0 6. Be2 d6 7. 0-0 a6 8. e4 cxd4 9. Nxd4 Nc6 10. Be3 Bd7 11. f3 Rc8 12. Qd2 Re8 13. Rfd1 Qa5 14. a3 Ne5 15. b3 b5 16. Nd5 Qxd2 17. Rxd2 Nxd5 18. cxd5 Rc3 19. Kf2 Rec8 20. Raa2 Kf8 21. Rdc2 Ke8 22. Rxc3 Rxc3 23. Rc2 Ng4+ 24. fxg4 Bxd4 25. Rxc3 Bxc3 26. Bb6 a5 27. Ke3 a4 28. bxa4 bxa4 29. Bd4 Ba5 30. h3 e5 31. dxe6 fxe6 32. e5 Bc7 33. Kf4 Kf7 34. h4 h6 35. g5 hxg5+ 36. hxg5 dxe5+ 37. Bxe5 Ba5 38. Ke4 Bd8 39. Kf4 Be7 40. Bb2 Bd6+ 41. Ke4 Bc6+ 42. Ke3 Be7 43. Bf3 Bc5+ 44. Kf4 Be8 45. Be2 Bd6+ 1/2-1/2

[Event "San Pedro del Pinatar 4th"]
[Site "San Pedro del Pinatar"]
[Date "2013.01.11"]
[Round "2.5"]
[White "Garcia Gonzalez, Judit"]
[Black "Castilla Leon Salas, Carlos"]
[Result "0-1"]
[WhiteElo "1975"]
[BlackElo "2127"]
[PlyCount "82"]
[EventDate "2013.01.11"]
[EventType "swiss"]
[EventRounds "7"]
[EventCountry "ESP"]
[SourceTitle "EXT 2024"]
[Source "ChessBase"]
[SourceDate "2023.10.10"]
[SourceVersion "1"]
[SourceVersionDate "2023.10.10"]
[SourceQuality "1"]

1. e4 c5 2. Nf3 d6 3. d4 cxd4 4. Nxd4 Nf6 5. Nc3 g6 6. f3 Bg7 7. Be3 0-0 8. Qd2 Nc6 9. 0-0-0 d5 10. Kb1 Nxd4 11. Bxd4 dxe4 12. fxe4 Be6 13. Be2 Rc8 14. Qe3 Qa5 15. a3 a6 16. h4 h5 17. Rhf1 b5 18. Bb6 Rxc3 19. Qd4 Qa4 20. Qxa4 bxa4 21. bxc3 Nxe4 22. Bxa6 Nxc3+ 23. Kc1 Nxd1 24. Rxd1 Bf6 25. g3 Be5 26. Rd3 Rb8 27. Rd8+ Rxd8 28. Bxd8 Kf8 29. Bb5 Bxg3 30. Bxa4 Bxh4 31. Bc6 Bg3 32. a4 Bc8 33. c4 h4 34. Kd2 h3 35. Ke3 h2 36. a5 f5 37. Bg2 e5 38. Bc7 Ke7 39. Kf3 Bf4 40. Bb6 Bb7+ 41. Kf2 h1Q 0-1

[Event "Andalucia-ch"]
[Site "Lucena"]
[Date "2012.04.28"]
[Round "4"]
[White "Castilla Leon Salas, Carlos"]
[Black "Redondo Benavente, Jose Carlos"]
[Result "1-0"]
[WhiteElo "2111"]
[BlackElo "1647"]
[PlyCount "47"]
[EventDate "2012.04.26"]
[EventType "swiss"]
[EventRounds "9"]
[EventCountry "ESP"]
[SourceTitle "EXT 2013"]
[Source "ChessBase"]
[SourceDate "2012.11.22"]
[SourceVersion "1"]
[SourceVersionDate "2012.11.22"]
[SourceQuality "1"]

1. d4 Nf6 2. c4 g6 3. Nc3 Bg7 4. e4 d6 5. Nge2 0-0 6. Ng3 e5 7. d5 Nbd7 8. Be2 Qe7 9. h4 Kh8 10. h5 Ng8 11. Be3 Re8 12. Qd2 Ndf6 13. f3 Nxh5 14. Nxh5 gxh5 15. Rxh5 Rf8 16. g4 Bd7 17. 0-0-0 Qf6 18. Rdh1 Qg6 19. Rg5 Qf6 20. Bd1 Qe7 21. Qh2 Nf6 22. Rxg7 Kxg7 23. Qh6+ Kh8 24. Bg5 1-0